| 000 | 01003na a2200289 4500 | ||
|---|---|---|---|
| 001 | 15119 | ||
| 003 | MIRAKIL | ||
| 005 | 20181213154738.0 | ||
| 008 | 161026b tu 000 0 | ||
| 020 | _a9757307092 | ||
| 035 | _a15119 | ||
| 040 |
_aMilas _btur _cTR-AnCHP |
||
| 041 | _atur | ||
| 082 |
_a958.5 _bT96 1995 |
||
| 090 | _a958.5 T96 1995 | ||
| 245 |
_aTürkmenistan ülke raporu _b _cTürk işbirliği ve kalkınma ajansı (TİKA) |
||
| 260 |
_aAnkara _bTürk işbirliği ve kalkınma ajansı yayınları _c1995 |
||
| 300 |
_a75 s. _bhrt.,grf. _c23 sm. |
||
| 490 |
_aTürk işbirliği ve kalkınma ajansı yayınları _v16 |
||
| 651 |
_aKafkasya _xTürkmenistan _ySosyo ekonomik durum |
||
| 651 |
_aOrta Asya _xTürkmenistan _zSosyo ekonomik durum |
||
| 651 |
_aTürkiye _xDış ilişkiler _zTürkmenistan |
||
| 651 |
_aTürkmenistan _xDış ilişkiler _zTürkiye |
||
| 651 |
_aTürkmenistan _xEkonomi _yHukuk ve mevzuat |
||
| 651 |
_aTürkmenistan _xSosyo ekonomik durum |
||
| 942 |
_2ddc _cBKS |
||
| 999 |
_c195 _d195 |
||